[Event "NCL967 Richmond-Slough"]
[Site "Rd7"]
[Date "1997.02.22"]
[Round "7.5"]
[White "Franklin, Michael"]
[Black "Webb, Richard"]
[Result "0-1"]
[WhiteElo "2255"]
[BlackElo "2290"]
[PlyCount "124"]
[EventDate "1997.02.22"]
[Source "J.Saunders"]
[SourceDate "1998.06.06"]

1. c4 c5 2. g3 Nc6 3. Bg2 g6 4. e3 Bg7 5. Ne2 e5 6. Nbc3 Nge7 7. d3 d6 8. O-O
O-O 9. Qd2 a6 10. b3 Rb8 11. Bb2 b5 12. Nd5 Bb7 13. Nec3 b4 14. Ne2 Nxd5 15.
Bxd5 Ne7 16. Bxb7 Rxb7 17. e4 Qd7 18. Kg2 f5 19. f3 a5 20. Rae1 a4 21. Qc2 Ra7
22. Bc1 axb3 23. axb3 Rfa8 24. Be3 Ra2 25. Qd1 Qa7 26. Rf2 Rb2 27. Nc1 Rxf2+
28. Kxf2 Qa1 29. Ne2 Qb2 30. Bc1 Qa1 31. Qd2 Qa2 32. Qxa2 Rxa2 33. Rd1 Nc6 34.
Rd2 Ra1 35. Rb2 Kf7 36. Be3 Na5 37. Nc1 h5 38. Bd2 Bf6 39. Kg2 f4 40. Kf2 Bg5
41. Kg2 Kf6 42. h4 Bh6 43. Kh3 g5 44. gxf4 gxf4 45. Kg2 Kf7 46. Kf2 Bg7 47. d4
exd4 48. Nd3 Bf6 49. Bxf4 Bxh4+ 50. Ke2 Ke6 51. e5 Be7 52. exd6 Bxd6 53. Kf2
Ra3 54. Bxd6 Kxd6 55. Nc1 Ra1 56. Nd3 h4 57. f4 Rd1 58. Ke2 Rg1 59. Nf2 Ke6 60.
Ra2 Nxb3 61. Ra8 Nc1+ 62. Kd2 Rg2 0-1

[Event "NCL967 Richmond-Slough"]
[Site "Rd7"]
[Date "1997.02.22"]
[Round "7.6"]
[White "Hennigan, Rita"]
[Black "Burke, John"]
[Result "1/2-1/2"]
[WhiteElo "2225"]
[BlackElo "2105"]
[PlyCount "88"]
[EventDate "1997.02.22"]
[Source "J.Saunders"]
[SourceDate "1998.06.06"]

1. e4 c5 2. Nf3 Nc6 3. d4 cxd4 4. Nxd4 Nf6 5. Nc3 e6 6. Nxc6 bxc6 7. e5 Nd5 8.
Ne4 f5 9. exf6 Nxf6 10. Nd6+ Bxd6 11. Qxd6 Qb6 12. Bd3 c5 13. Bf4 Bb7 14. O-O-O
Rc8 15. Qxb6 axb6 16. Bb5 Bc6 17. a4 d5 18. Rhe1 Kf7 19. f3 Rhe8 20. c3 Re7 21.
Kc2 Bxb5 22. axb5 Ra7 23. Re2 Ra5 24. Rde1 Re8 25. b4 Rxb5 26. Kb3 cxb4 27.
cxb4 d4 28. Re5 Rxe5 29. Bxe5 d3 30. Rd1 Nd5 31. Rxd3 Rc8 32. Rd1 g5 33. h4
gxh4 34. Rh1 Kg6 35. Rxh4 h5 36. g3 Rc1 37. Rc4 Re1 38. Bd4 b5 39. Rc6 Rb1+ 40.
Kc2 Rxb4 41. Rxe6+ Kf7 42. Re4 Rc4+ 43. Kb3 Rb4+ 44. Kc2 Rc4+ 1/2-1/2

[Event "NCL967 Richmond-Slough"]
[Site "Rd7"]
[Date "1997.02.22"]
[Round "7.7"]
[White "Bass, John"]
[Black "Houska, Jovanka"]
[Result "1/2-1/2"]
[WhiteElo "1944"]
[BlackElo "2115"]
[PlyCount "81"]
[EventDate "1997.02.22"]
[Source "J.Saunders"]
[SourceDate "1998.06.06"]

1. d4 d5 2. Nf3 Nf6 3. Bg5 e6 4. e3 Bd6 5. Bd3 Nbd7 6. Nbd2 c5 7. c3 O-O 8. O-O
Qc7 9. Re1 h6 10. Bh4 b6 11. Bg3 Bb7 12. c4 Bxg3 13. hxg3 e5 14. cxd5 Nxd5 15.
Rc1 Rad8 16. a3 exd4 17. exd4 Qb8 18. Bb1 N5f6 19. Qc2 cxd4 20. Nxd4 Nc5 21. b4
Rxd4 22. bxc5 bxc5 23. Nb3 Rd5 24. Ba2 Rh5 25. Re2 Qc8 26. f3 Nd5 27. Ree1 Qc7
28. Nxc5 Rc8 29. Nxb7 Qb6+ 30. Nc5 Nf6 31. Qb3 Rhxc5 32. Qxf7+ Kh8 33. Rxc5
Qxc5+ 34. Kh2 Rf8 35. Qg6 Qxa3 36. Bb1 Qd6 37. Bf5 Kg8 38. Re6 Qc5 39. Ra6 Qd4
40. Re6 Qc5 41. Ra6 1/2-1/2

[Event "NCL967 Wood Green-Bristol"]
[Site "Rd7"]
[Date "1997.02.22"]
[Round "7.1"]
[White "Levitt, Jon"]
[Black "Baker, Chris W"]
[Result "1-0"]
[WhiteElo "2435"]
[BlackElo "2370"]
[PlyCount "79"]
[EventDate "1997.02.22"]
[Source "J.Saunders"]
[SourceDate "1998.06.06"]

1. d4 Nf6 2. c4 e6 3. Nc3 Bb4 4. e3 Nc6 5. Nge2 d5 6. a3 Bf8 7. Ng3 g6 8. b4
Bg7 9. Bb2 O-O 10. Rc1 Re8 11. Be2 h5 12. O-O h4 13. Nh1 Ne7 14. Qb3 Nf5 15.
Rfe1 c6 16. Bf1 Bh6 17. Rcd1 Qc7 18. e4 dxe4 19. Nxe4 Nxe4 20. Rxe4 Bd7 21. Qc3
Bg7 22. Bc1 c5 23. bxc5 Ba4 24. Rd3 Rad8 25. Bg5 Rd7 26. Qd2 Rc8 27. Bxh4 b6
28. d5 exd5 29. cxd5 Bb5 30. c6 Rd6 31. Bg5 Bxd3 32. Qxd3 Rcd8 33. Bxd8 Qxd8
34. Ng3 Rxd5 35. Re8+ Qxe8 36. Qxd5 Nd4 37. c7 Nc6 38. Bc4 Ne7 39. Qd8 Kf8 40.
Bb5 1-0

[Event "NCL967 Wood Green-Bristol"]
[Site "Rd7"]
[Date "1997.02.22"]
[Round "7.2"]
[White "Beaumont, Chris"]
[Black "Littlewood, Paul"]
[Result "1/2-1/2"]
[WhiteElo "2330"]
[BlackElo "2440"]
[PlyCount "67"]
[EventDate "1997.02.22"]
[Source "J.Saunders"]
[SourceDate "1998.06.06"]

1. Nf3 Nf6 2. c4 g6 3. Nc3 Bg7 4. e4 d6 5. d4 O-O 6. Be2 e5 7. O-O Nbd7 8. Qc2
c6 9. d5 c5 10. a3 h6 11. b4 Ne8 12. Bd3 b6 13. Rb1 Ndf6 14. bxc5 bxc5 15. Bd2
Nh5 16. g3 Bg4 17. Be2 f5 18. Nh4 Bxe2 19. Nxe2 f4 20. Nxg6 f3 21. Nc3 Qd7 22.
Kh1 Qh3 23. Rg1 Nef6 24. g4 Nxg4 25. Rxg4 Qxg4 26. Rg1 Qh3 27. Nxf8 Rxf8 28.
Bxh6 Rf6 29. Bxg7 Nxg7 30. Qa4 Kh7 31. Rg3 Qf1+ 32. Rg1 Qh3 33. Rg3 Qf1+ 34.
Rg1 1/2-1/2

[Event "NCL967 Wood Green-Bristol"]
[Site "Rd7"]
[Date "1997.02.22"]
[Round "7.3"]
[White "Pein, Malcolm"]
[Black "Burgess, Graham"]
[Result "1/2-1/2"]
[WhiteElo "2425"]
[BlackElo "2290"]
[PlyCount "89"]
[EventDate "1997.02.22"]
[Source "J.Saunders"]
[SourceDate "1998.06.06"]

1. d4 Nf6 2. Nc3 d5 3. Bf4 g6 4. Nf3 Bg7 5. e3 O-O 6. Be2 c5 7. O-O cxd4 8.
exd4 Nc6 9. Ne5 Bf5 10. Nxc6 bxc6 11. Be5 Ne4 12. Nxe4 Bxe5 13. Ng3 Bd6 14. Qd2
e6 15. c4 Qh4 16. f4 Rab8 17. c5 Bc7 18. Nxf5 gxf5 19. b4 Kh8 20. a4 Rg8 21.
Ra3 Rg6 22. Rf2 Rbg8 23. g3 f6 24. Bf1 e5 25. Bg2 Qg4 26. Raf3 exf4 27. Rxf4
Bxf4 28. Rxf4 Qh5 29. b5 Re8 30. Bf3 Qh6 31. bxc6 Rg7 32. Bxd5 Rge7 33. Rf2 Qh5
34. Bf3 Qh3 35. Rf1 Re3 36. Qg2 Qh6 37. d5 f4 38. d6 fxg3 39. d7 Rg8 40. c7
Rxf3 41. Rxf3 Qc1+ 42. Qf1 Qxc5+ 43. Kh1 Qxc7 44. Rxg3 Qc6+ 45. Qf3 1/2-1/2

[Event "NCL967 Wood Green-Bristol"]
[Site "Rd7"]
[Date "1997.02.22"]
[Round "7.4"]
[White "Mah, Karl"]
[Black "Lee, Graham"]
[Result "1-0"]
[WhiteElo "2245"]
[BlackElo "2375"]
[PlyCount "79"]
[EventDate "1997.02.22"]
[Source "J.Saunders"]
[SourceDate "1998.06.06"]

1. d4 Nf6 2. Bg5 e6 3. e4 h6 4. Bxf6 Qxf6 5. Nc3 Bb4 6. Qd2 c5 7. a3 cxd4 8.
axb4 dxc3 9. bxc3 Nc6 10. Nf3 O-O 11. b5 Ne5 12. Nxe5 Qxe5 13. Qd4 Qg5 14. g3
e5 15. Qd6 b6 16. Bg2 Bb7 17. O-O f5 18. Qxd7 Rf7 19. Qd3 Rd8 20. Qc4 Bxe4 21.
Rxa7 Qg6 22. Bxe4 fxe4 23. Rfa1 Rdf8 24. Rxf7 Qxf7 25. Qxf7+ Rxf7 26. Ra8+ Kh7
27. Re8 e3 28. fxe3 Rc7 29. Re6 Rxc3 30. Rc6 Rxe3 31. Rxb6 Re2 32. Rc6 e4 33.
b6 e3 34. Kf1 Rxh2 35. b7 Rh1+ 36. Ke2 Rb1 37. Rc7 h5 38. c4 Kg6 39. Kxe3 Rb3+
40. Kf4 1-0

[Event "NCL967 Wood Green-Bristol"]
[Site "Rd7"]
[Date "1997.02.22"]
[Round "7.5"]
[White "Sowray, Peter"]
[Black "Copeland, Graham"]
[Result "1/2-1/2"]
[WhiteElo "2350"]
[BlackElo "2335"]
[PlyCount "121"]
[EventDate "1997.02.22"]
[Source "J.Saunders"]
[SourceDate "1998.06.06"]

1. d4 Nf6 2. c4 e6 3. Nc3 Bb4 4. e3 c5 5. Nge2 cxd4 6. exd4 O-O 7. a3 Be7 8. g3
d5 9. cxd5 Nxd5 10. Bg2 Nxc3 11. bxc3 Nc6 12. O-O Bd7 13. Rb1 b6 14. Be4 Rc8
15. Bc2 Bf6 16. Qd3 g6 17. Bh6 Re8 18. f4 Na5 19. g4 Bc6 20. Ng3 Bb7 21. Rf2
Bh4 22. g5 Qd5 23. Re2 Bxg3 24. Qxg3 Qf3 25. Qxf3 Bxf3 26. Re3 Bd5 27. Ba4 Red8
28. Bb5 Nc4 29. Bxc4 Rxc4 30. Kf2 Rdc8 31. Rb4 Rxc3 32. a4 Rxe3 33. Kxe3 Rc4
34. Rxc4 Bxc4 35. Kd2 a5 36. Kc3 Be2 37. Kd2 Bf3 38. Kc2 Bc6 39. Kb3 Bd5+ 40.
Kc3 Bc6 41. Kb3 Bf3 42. Kc2 Bg4 43. Kd2 Bh5 44. Kc1 Bg4 45. Kd2 e5 46. fxe5 Bd7
47. Kc3 Bxa4 48. d5 b5 49. Kd4 b4 50. Kc4 Bd7 51. Kb3 Bb5 52. e6 fxe6 53. dxe6
Bc6 54. e7 Kf7 55. Bf8 Ke8 56. Bg7 Kxe7 57. Bd4 Ke6 58. Bb6 Bd5+ 59. Ka4 b3 60.
Ka3 Kf5 61. Bd8 1/2-1/2

[Event "NCL967 Wood Green-Bristol"]
[Site "Rd7"]
[Date "1997.02.22"]
[Round "7.6"]
[White "Collier, David"]
[Black "Law, Andrew"]
[Result "1/2-1/2"]
[WhiteElo "2225"]
[BlackElo "2370"]
[PlyCount "61"]
[EventDate "1997.02.22"]
[Source "J.Saunders"]
[SourceDate "1998.06.06"]

1. d4 d5 2. Bg5 h6 3. Bh4 c6 4. Nf3 Qb6 5. b3 Bf5 6. e3 e6 7. Bd3 Bxd3 8. Qxd3
Nd7 9. O-O Be7 10. Bxe7 Nxe7 11. c4 O-O 12. Nc3 Rad8 13. Rfc1 Qa5 14. Rab1 e5
15. b4 dxc4 16. Qxc4 Qc7 17. Qb3 exd4 18. Nb5 Qb8 19. Nbxd4 Qd6 20. Rd1 Qf6 21.
Qc2 Rfe8 22. Nb3 Ne5 23. Nxe5 Qxe5 24. h3 Rd5 25. Na5 Qc7 26. e4 Rxd1+ 27. Rxd1
b6 28. Nb3 Rd8 29. g3 Rd7 30. Kg2 Qd8 31. Rd2 1/2-1/2

[Event "NCL967 Wood Green-Bristol"]
[Site "Rd7"]
[Date "1997.02.22"]
[Round "7.7"]
[White "Pert, Nicholas"]
[Black "Phillips, Roy"]
[Result "0-1"]
[WhiteElo "2195"]
[BlackElo "2120"]
[PlyCount "94"]
[EventDate "1997.02.22"]
[Source "J.Saunders"]
[SourceDate "1998.06.06"]

1. d4 Nf6 2. Nf3 g6 3. g3 Bg7 4. Bg2 O-O 5. O-O d6 6. c4 Nbd7 7. Nc3 e5 8. e4
exd4 9. Nxd4 Re8 10. h3 a6 11. Re1 Rb8 12. Rb1 Ne5 13. b3 Bd7 14. Bb2 h5 15.
Nd5 h4 16. f4 Nc6 17. Nxf6+ Bxf6 18. e5 dxe5 19. Nxc6 Bxc6 20. Bxc6 bxc6 21.
fxe5 Bg7 22. Qg4 Qd3 23. Rbd1 Qxg3+ 24. Qxg3 hxg3 25. Rd7 Rbd8 26. Rxc7 Re6 27.
Re2 f5 28. Kg2 Rd3 29. Bc1 Bxe5 30. Rb7 Rd4 31. Bb2 Re4 32. Rxe4 fxe4 33. Bc1
c5 34. Rd7 Bd4 35. Bd2 Bf2 36. b4 cxb4 37. Bxb4 e3 38. c5 e2 39. Rd6 Rxd6 40.
cxd6 e1=Q 41. Bxe1 Bxe1 42. d7 Ba5 43. Kxg3 Kf7 44. Kg4 Bd8 45. h4 Ke6 46. h5
gxh5+ 47. Kxh5 Kxd7 0-1

[Event "NCL967 Wood Green-Bristol"]
[Site "Rd7"]
[Date "1997.02.22"]
[Round "7.8"]
[White "Buckley, Melanie"]
[Black "Wood, Suzanne"]
[Result "1/2-1/2"]
[WhiteElo "2040"]
[BlackElo "1880"]
[PlyCount "79"]
[EventDate "1997.02.22"]
[Source "J.Saunders"]
[SourceDate "1998.06.06"]

1. e4 e5 2. Nf3 Nc6 3. Bb5 a6 4. Bxc6 dxc6 5. d4 Bg4 6. dxe5 Qxd1+ 7. Kxd1
O-O-O+ 8. Ke1 h6 9. Bf4 Bb4+ 10. c3 Ba5 11. Nbd2 Ne7 12. Ke2 Ng6 13. Bg3 b5 14.
Rad1 Rhe8 15. h3 Bh5 16. Nb3 Rxd1 17. Rxd1 Bb6 18. Nbd4 Nxe5 19. Bxe5 Rxe5 20.
Kd3 Re8 21. Nxc6 Bxf2 22. Rf1 Bg3 23. Ncd4 Bg6 24. Nd2 Bh4 25. Nf5 Bf6 26. Nb3
Kb8 27. Nc5 Ka7 28. g3 Rd8+ 29. Ke2 Kb6 30. Nd3 Re8 31. Kf3 Bxf5 32. exf5 Bg5
33. Re1 Re7 34. Rxe7 Bxe7 35. Ne5 f6 36. Nd3 Bd6 37. Nf4 Bxf4 38. Kxf4 Kc6 39.
Ke4 Kd6 40. Kd4 1/2-1/2

[Event "NCL967 Northumbria-SW Dragons"]
[Site "Rd7"]
[Date "1997.02.22"]
[Round "7.1"]
[White "Bell, Stephen"]
[Black "Cummings, David"]
[Result "1/2-1/2"]
[WhiteElo "2365"]
[BlackElo "2360"]
[PlyCount "73"]
[EventDate "1997.02.22"]
[Source "J.Saunders"]
[SourceDate "1998.06.06"]

1. d4 d5 2. Nf3 Nf6 3. c4 c6 4. e3 Bf5 5. Bd3 Bxd3 6. Qxd3 e6 7. Nc3 Nbd7 8.
O-O Bb4 9. Bd2 Qe7 10. a3 Bd6 11. e4 dxc4 12. Qxc4 e5 13. Rfe1 O-O 14. Bg5 Rfe8
15. Rad1 a6 16. Bh4 Rac8 17. Qe2 exd4 18. Nxd4 Be5 19. Nf5 Qe6 20. Bg3 Bxg3 21.
hxg3 Rb8 22. f4 g6 23. Nd6 Red8 24. e5 Nh5 25. Qf3 f5 26. Ne2 Ng7 27. Nd4 Qe7
28. b4 c5 29. Qb3+ Kf8 30. bxc5 Nxc5 31. Qb4 Nce6 32. Rd2 Nxd4 33. Qxd4 Ne6 34.
Qb6 Qc7 35. Qxc7 Nxc7 36. Rc2 Ne6 37. a4 1/2-1/2

[Event "NCL967 Northumbria-SW Dragons"]
[Site "Rd7"]
[Date "1997.02.22"]
[Round "7.2"]
[White "Cooper, John"]
[Black "Daly, Colm"]
[Result "0-1"]
[WhiteElo "2370"]
[BlackElo "2295"]
[PlyCount "73"]
[EventDate "1997.02.22"]
[Source "J.Saunders"]
[SourceDate "1998.06.06"]

1. d4 Nf6 2. c4 e6 3. Nc3 Bb4 4. Bg5 c5 5. d5 h6 6. Bh4 Bxc3+ 7. bxc3 d6 8. e3
e5 9. f3 Nbd7 10. Bd3 Qe7 11. Qc2 Kd8 12. Ne2 g5 13. Bg3 e4 14. Bxe4 Nxe4 15.
Qxe4 Qxe4 16. fxe4 Kc7 17. Rf1 f6 18. Kd2 Re8 19. Kd3 h5 20. h3 h4 21. Bh2 a6
22. a4 a5 23. Nc1 Ne5+ 24. Bxe5 fxe5 25. Rf7+ Bd7 26. Rb1 b6 27. Rb2 Rf8 28.
Rbf2 Rxf7 29. Rxf7 Rg8 30. Ne2 Rg6 31. g4 Kd8 32. Rf8+ Ke7 33. Rb8 Bxa4 34.
Rxb6 Kf7 35. Ng1 Rf6 36. Ke2 Bd7 37. Ra6 {time} 0-1

[Event "NCL967 Northumbria-SW Dragons"]
[Site "Rd7"]
[Date "1997.02.22"]
[Round "7.3"]
[White "Wall, Tim"]
[Black "Zeidler, Sven"]
[Result "1-0"]
[WhiteElo "2320"]
[BlackElo "2265"]
[PlyCount "65"]
[EventDate "1997.02.22"]
[Source "J.Saunders"]
[SourceDate "1998.06.06"]

1. d4 f5 2. Nc3 d5 3. Bf4 Nf6 4. Nb5 Na6 5. c4 c6 6. Nc3 Qb6 7. Rb1 Ne4 8. e3
e6 9. Bd3 Nb4 10. cxd5 exd5 11. Be5 Nxd3+ 12. Qxd3 Bd6 13. Bxd6 Nxd6 14. f4 Ne4
15. Nf3 a5 16. O-O O-O 17. Ne5 Rf6 18. a3 Qd8 19. Qc2 Rh6 20. Nxe4 fxe4 21. Qf2
Ra6 22. b4 axb4 23. axb4 b5 24. Ra1 Qb6 25. Ra2 Ra4 26. Qb2 Re6 27. Rfa1 g5 28.
Qf2 gxf4 29. Qxf4 Qc7 30. Rf1 Qe7 31. Raf2 Rxe5 32. dxe5 Be6 33. Qg3+ 1-0

[Event "NCL967 Northumbria-SW Dragons"]
[Site "Rd7"]
[Date "1997.02.22"]
[Round "7.4"]
[White "Dineley, Richard"]
[Black "Timmermans, Ivo"]
[Result "1/2-1/2"]
[WhiteElo "2255"]
[BlackElo "2275"]
[PlyCount "81"]
[EventDate "1997.02.22"]
[Source "J.Saunders"]
[SourceDate "1998.06.06"]

1. e4 e5 2. Bc4 Nf6 3. d3 c6 4. Nf3 d5 5. Bb3 Bd6 6. Nc3 Be6 7. O-O Nbd7 8.
exd5 cxd5 9. Bg5 h6 10. Bxf6 Nxf6 11. Re1 O-O 12. Nxe5 Bb4 13. Re2 a5 14. Ba4
Qb6 15. Nb5 Ng4 16. c3 Nxe5 17. Rxe5 Be7 18. d4 Bf6 19. Re2 Bg4 20. f3 Bf5 21.
Na3 h5 22. Bb5 Qd6 23. Qd2 h4 24. Rae1 g6 25. Ba4 Kg7 26. Nc2 Bxc2 27. Qxc2 Qf4
28. Qd2 Qf5 29. Bc2 Qd7 30. a4 Rfe8 31. Qd3 Rxe2 32. Qxe2 Ra6 33. Qd3 Rb6 34.
b3 Re6 35. Rxe6 Qxe6 36. Kf2 Qd6 37. Kg1 Qf4 38. Qe2 Qc1+ 39. Kf2 Qh1 40. h3
Qc1 41. Qd1 1/2-1/2

[Event "NCL967 Northumbria-SW Dragons"]
[Site "Rd7"]
[Date "1997.02.22"]
[Round "7.5"]
[White "Nelson, Jonathan"]
[Black "Spice, Alan"]
[Result "1-0"]
[WhiteElo "2250"]
[BlackElo "2210"]
[PlyCount "67"]
[EventDate "1997.02.22"]
[Source "J.Saunders"]
[SourceDate "1998.06.06"]

1. e4 e6 2. d4 d5 3. e5 c5 4. c3 Nc6 5. Nf3 Qb6 6. a3 c4 7. Nbd2 Na5 8. Be2 Bd7
9. O-O h6 10. h4 O-O-O 11. Rb1 Kb8 12. Re1 f5 13. exf6 gxf6 14. b3 cxb3 15. c4
Ba4 16. Bb2 Ne7 17. c5 Qc6 18. Bd3 Nc4 19. Nxc4 dxc4 20. Bxc4 Nd5 21. Bxb3 Bb5
22. a4 Ba6 23. Qd2 h5 24. Bxd5 exd5 25. Qf4+ Ka8 26. Qf5 Bh6 27. Bc1 Bg7 28.
Bf4 Qxa4 29. Re7 Bf8 30. Rc7 b6 31. Qxf6 Bxc5 32. dxc5 Rhf8 33. Rf7 Qe8 34.
Rxa7+ 1-0

[Event "NCL967 Northumbria-SW Dragons"]
[Site "Rd7"]
[Date "1997.02.22"]
[Round "7.6"]
[White "Morris, Charles"]
[Black "Waters, Clive"]
[Result "1-0"]
[WhiteElo "2215"]
[BlackElo "2235"]
[PlyCount "107"]
[EventDate "1997.02.22"]
[Source "J.Saunders"]
[SourceDate "1998.06.06"]

1. c4 f5 2. Nf3 Nf6 3. g3 g6 4. d4 Bg7 5. Bg2 O-O 6. O-O d6 7. Nc3 Qe8 8. Re1
Nc6 9. Nb5 Qd8 10. d5 Ne5 11. Ng5 h6 12. Nh3 c5 13. dxc6 bxc6 14. Nd4 Qb6 15.
b3 Nfg4 16. e3 Bd7 17. Rb1 g5 18. f3 Nf6 19. Qc2 f4 20. Nf5 Qa5 21. Nxe7+ Kf7
22. b4 Qc7 23. Nf5 Bxf5 24. Qxf5 fxg3 25. f4 gxh2+ 26. Kh1 Qd7 27. Qxd7+ Nexd7
28. fxg5 hxg5 29. Nxg5+ Kg6 30. Ne6 Rh8 31. Nxg7 Kxg7 32. Bxc6 Rac8 33. Bxd7
Nxd7 34. Bb2+ Ne5 35. c5 Kg6 36. Bxe5 dxe5 37. Rb2 Rh4 38. Rf1 Rg4 39. a3 Rd8
40. Rc2 Rd3 41. c6 Rd8 42. Rg2 Rxg2 43. Kxg2 Rd2+ 44. Kh1 Rc2 45. b5 Kg5 46. a4
Kg4 47. e4 Kg3 48. a5 Rc5 49. Rb1 Kf2 50. b6 axb6 51. axb6 Rxc6 52. b7 Rg6 53.
Rb2+ Kf1 54. Kxh2 1-0

[Event "NCL967 Northumbria-SW Dragons"]
[Site "Rd7"]
[Date "1997.02.22"]
[Round "7.7"]
[White "King, Jonathan"]
[Black "Richmond, Jane"]
[Result "1/2-1/2"]
[WhiteElo "2115"]
[BlackElo "2180"]
[PlyCount "39"]
[EventDate "1997.02.22"]
[Source "J.Saunders"]
[SourceDate "1998.06.06"]

1. e4 e6 2. d4 d5 3. exd5 exd5 4. Nf3 Nf6 5. Bg5 Be6 6. Bd3 Be7 7. O-O O-O 8.
Nbd2 c5 9. dxc5 Nc6 10. Nb3 Qc7 11. c3 Bg4 12. Bxf6 Bxf6 13. Be2 Rfe8 14. Re1
Rad8 15. Nfd4 Bxe2 16. Rxe2 Ne5 17. Re1 Nc4 18. Qc2 Be7 19. Re2 Bxc5 20. Nxc5
1/2-1/2

[Event "NCL967 Northumbria-SW Dragons"]
[Site "Rd7"]
[Date "1997.02.22"]
[Round "7.8"]
[White "Miles, Richard"]
[Black "Barnes, Lara"]
[Result "1-0"]
[WhiteElo "2075"]
[BlackElo "1264"]
[PlyCount "135"]
[EventDate "1997.02.22"]
[Source "J.Saunders"]
[SourceDate "1998.06.06"]

1. d4 Nf6 2. Nf3 g6 3. c4 Bg7 4. Nc3 d5 5. Bg5 c6 6. e3 O-O 7. Qb3 dxc4 8. Bxc4
Qc7 9. O-O Nbd7 10. Rac1 e5 11. dxe5 Nxe5 12. Nxe5 Qxe5 13. Bf4 Qe7 14. Rfd1 b5
15. Be2 Qe6 16. Bf3 Qxb3 17. axb3 b4 18. Ne2 Be6 19. Bxc6 Rac8 20. Nd4 Rfd8 21.
Nxe6 Rxd1+ 22. Rxd1 fxe6 23. Bb7 Rc2 24. Be5 Nd5 25. Bxg7 Kxg7 26. Rb1 Nf6 27.
h3 Nd7 28. Be4 Rc7 29. Bd3 Kf6 30. Kf1 Ne5 31. Be4 Nf7 32. Ra1 Nd6 33. Bd3 Nc8
34. Ra4 Rd7 35. Ke2 Rb7 36. Kd2 Nd6 37. Ra6 Rd7 38. Ke2 Nf5 39. Be4 Ne7 40. Ra4
Nd5 41. Bxd5 exd5 42. Rxb4 Rc7 43. Kd2 h6 44. Rd4 Ke6 45. Rd3 a5 46. Rc3 Rb7
47. Rc6+ Kf7 48. Kc3 Rb5 49. f3 h5 50. g4 hxg4 51. hxg4 Kg7 52. Ra6 Kf7 53. Kd4
Rxb3 54. Rxa5 Rxb2 55. Rxd5 Rb3 56. g5 Ke6 57. Rc5 Rb4+ 58. Rc4 Rb5 59. f4 Kd6
60. Ra4 Ke7 61. Ra6 Kf7 62. Rc6 Rf5 63. Rf6+ Rxf6 64. gxf6 Kxf6 65. e4 Kf7 66.
Kd5 Ke8 67. Ke6 Kf8 68. Kf6 1-0

[Event "NCL967 Barbican-Invicta Kts"]
[Site "Rd7"]
[Date "1997.02.22"]
[Round "7.1"]
[White "Pritchett, Craig"]
[Black "Gormally, Danny"]
[Result "0-1"]
[WhiteElo "2325"]
[BlackElo "2300"]
[PlyCount "72"]
[EventDate "1997.02.22"]
[Source "J.Saunders"]
[SourceDate "1998.06.06"]

1. Nf3 Nf6 2. c4 g6 3. Nc3 Bg7 4. e4 d6 5. d4 O-O 6. Be2 e5 7. O-O Nc6 8. d5
Ne7 9. b4 Nh5 10. Re1 Nf4 11. Bf1 h6 12. c5 g5 13. Nd2 f5 14. g3 Nfg6 15. Nc4
fxe4 16. cxd6 cxd6 17. Nxe4 Nf5 18. Bb2 b6 19. Rc1 Bb7 20. Bh3 Nge7 21. Ne3 Nd4
22. Bxd4 exd4 23. Be6+ Kh8 24. Nc4 Nxd5 25. Ncxd6 Qe7 26. Qg4 Nxb4 27. Nxb7
Qxb7 28. Nd6 Qf3 29. Qxf3 Rxf3 30. Rc4 Nd3 31. Bd5 Nxe1 32. Bxa8 Rc3 33. Nf7+
Kg8 34. Bd5 Kf8 35. Kf1 Nf3 36. Nd8 Nd2+ 0-1

[Event "NCL967 Barbican-Invicta Kts"]
[Site "Rd7"]
[Date "1997.02.22"]
[Round "7.2"]
[White "Ivanov, Alexei"]
[Black "Bowden, Karl"]
[Result "1-0"]
[WhiteElo "2430"]
[BlackElo "2355"]
[PlyCount "89"]
[EventDate "1997.02.22"]
[Source "J.Saunders"]
[SourceDate "1998.06.06"]

1. e4 e6 2. d4 d5 3. Nc3 Bb4 4. Qd3 Nf6 5. e5 Ne4 6. Nge2 c5 7. a3 Bxc3+ 8.
Nxc3 Nc6 9. Nxe4 dxe4 10. Qxe4 Qxd4 11. Qxd4 Nxd4 12. Bd3 Bd7 13. Be3 Bc6 14.
c3 Bxg2 15. Rg1 Nf3+ 16. Ke2 Nxg1+ 17. Rxg1 Bc6 18. Rxg7 O-O-O 19. Bxc5 Bf3+
20. Kxf3 Rxd3+ 21. Ke4 Rd7 22. Bxa7 Kc7 23. Bd4 Kc6 24. h4 Kb5 25. b3 Kc6 26.
a4 b6 27. f4 Ra8 28. f5 Rh8 29. h5 Rb7 30. h6 Rc7 31. Kf4 Rb7 32. Kg5 exf5 33.
Kxf5 Kd5 34. Kf6 Re8 35. Rxh7 Re6+ 36. Kf5 Rb8 37. Rxf7 Rxh6 38. Rf6 Rh5+ 39.
Kg6 Rbh8 40. Rd6+ Ke4 41. e6 R8h6+ 42. Kf7 Rh7+ 43. Kg8 Kf5 44. Rd7 R7h6 45. e7
1-0

[Event "NCL967 Barbican-Invicta Kts"]
[Site "Rd7"]
[Date "1997.02.22"]
[Round "7.3"]
[White "Plueg, Andreas"]
[Black "Brown, Simon D"]
[Result "1-0"]
[WhiteElo "2310"]
[BlackElo "2310"]
[PlyCount "137"]
[EventDate "1997.02.22"]
[Source "J.Saunders"]
[SourceDate "1998.06.06"]

1. c4 e6 2. d4 d5 3. Nc3 Be7 4. Nf3 Nf6 5. Bg5 O-O 6. e3 h6 7. Bh4 b6 8. cxd5
exd5 9. Be2 Bb7 10. O-O Re8 11. Rc1 c6 12. Qc2 Nbd7 13. Rfd1 Rc8 14. a3 a5 15.
Na4 Ne4 16. Bxe7 Qxe7 17. Bf1 c5 18. dxc5 bxc5 19. Bb5 Rc7 20. Nc3 Nef6 21. Qa4
Ra8 22. Qf4 Nf8 23. Qe5 Qxe5 24. Nxe5 Ne6 25. Be2 Rd8 26. Nb5 Rcc8 27. Rc2 Kf8
28. f3 Nd7 29. Nd6 Nxe5 30. Nxb7 Rd7 31. Nxa5 d4 32. Nc4 Nxc4 33. Bxc4 Rcd8 34.
Bxe6 fxe6 35. Kf1 Rd5 36. exd4 cxd4 37. Rc6 Kf7 38. Ke2 Rg5 39. Kf2 Rb5 40. b4
Rb7 41. Rd3 e5 42. Rb3 Ke7 43. Ke2 Ra8 44. b5 Ra5 45. b6 Kd7 46. Rg6 Kc8 47.
Kd3 Rd7 48. Ke4 Kb7 49. Rd3 Rf7 50. g3 Re7 51. h4 Rb5 52. f4 exf4+ 53. Kxf4
Rxb6 54. Rxb6+ Kxb6 55. Rxd4 Kc5 56. Re4 Ra7 57. Kf5 Rxa3 58. Rg4 Ra7 59. Kg6
Kd5 60. h5 Ke5 61. Kh7 g5+ 62. Kxh6 Kf6 63. Rxg5 Ra8 64. Rg6+ Kf7 65. g4 Rb8
66. Ra6 Kg8 67. g5 Rc8 68. g6 Rb8 69. Kg5 1-0

[Event "NCL967 Barbican-Invicta Kts"]
[Site "Rd7"]
[Date "1997.02.22"]
[Round "7.4"]
[White "Watson, Ian"]
[Black "Dishman, Stephen"]
[Result "1/2-1/2"]
[WhiteElo "2296"]
[BlackElo "2300"]
[PlyCount "28"]
[EventDate "1997.02.22"]
[Source "J.Saunders"]
[SourceDate "1998.06.06"]

1. Nf3 d6 2. g3 f5 3. Bg2 Nf6 4. d3 e5 5. c3 c6 6. Nbd2 Be6 7. O-O Be7 8. e4
fxe4 9. dxe4 Nfd7 10. Qe2 O-O 11. Nc4 Nb6 12. Ne3 N8d7 13. Rd1 Qe8 14. b3 d5
1/2-1/2

[Event "NCL967 Barbican-Invicta Kts"]
[Site "Rd7"]
[Date "1997.02.22"]
[Round "7.5"]
[White "Rogers, Jonathan"]
[Black "Chandler, Cliff"]
[Result "1-0"]
[WhiteElo "2300"]
[BlackElo "2248"]
[PlyCount "55"]
[EventDate "1997.02.22"]
[Source "J.Saunders"]
[SourceDate "1998.06.06"]

1. d4 d5 2. Nf3 Nc6 3. g3 Bg4 4. Bg2 Qd7 5. Nbd2 O-O-O 6. h3 Bf5 7. c3 Nf6 8.
b4 Ne4 9. b5 Na5 10. Qa4 b6 11. Ne5 Qe6 12. g4 Bg6 13. c4 f6 14. Nxg6 hxg6 15.
cxd5 Nc3 16. dxe6 Nxa4 17. Nb3 Nc4 18. Bf4 Na3 19. Rc1 Nxb5 20. Bc6 Nac3 21. a4
Na2 22. axb5 Nxc1 23. Bxc1 g5 24. d5 g6 25. Nd4 Bg7 26. Bd7+ Rxd7 27. exd7+
Kxd7 28. Ne6 1-0